| 000 | 00367nam a2200145Ia 4500 | ||
|---|---|---|---|
| 008 | 150201s1998 xx 000 0 und d | ||
| 082 |
_a616.01 _bI098T |
||
| 100 | _aTIMMCECK.THOMAS C. | ||
| 245 | _aAN INTRODUCTION TO EPIDEMIOLOGY | ||
| 250 | _a2 | ||
| 260 |
_bJOENES AND BARHETT _aBOSTON _c1998 |
||
| 300 | _a1-508 | ||
| 650 | _aCOMMUNITY MEDICINE | ||
| 942 |
_2ddc _cBK |
||
| 999 |
_c1240 _d1240 |
||